Tulasīdāsa kā saundarya-bodha. (Record no. 67711)

MARC details
000 -LEADER
fixed length control field 00702cam a22002411 4500
001 - CONTROL NUMBER
control field sa 66001307
003 - CONTROL NUMBER IDENTIFIER
control field DLC
005 - DATE AND TIME OF LATEST TRANSACTION
control field 20260227112221.0
008 - FIXED-LENGTH DATA ELEMENTS--GENERAL INFORMATION
fixed length control field 900116s1965 ii b 000 0 hino
010 ## - LIBRARY OF CONGRESS CONTROL NUMBER
LC control number sa 66001307
035 ## - SYSTEM CONTROL NUMBER
System control number (OCoLC)20908497
040 ## - CATALOGING SOURCE
Original cataloging agency DLC
Transcribing agency WaU
Modifying agency NRU
-- DLC
042 ## - AUTHENTICATION CODE
Authentication code premarc
050 00 - LIBRARY OF CONGRESS CALL NUMBER
Classification number PK2095.T8
Item number Z68
100 1# - MAIN ENTRY--PERSONAL NAME
Personal name Dixit, Chhote Lal,
Dates associated with a name 1936-
245 00 - TITLE STATEMENT
Title Tulasīdāsa kā saundarya-bodha.
Statement of responsibility, etc. Lekhaka Choṭelāla Dikshita.
250 ## - EDITION STATEMENT
Edition statement [1. saṃskaraṇa]
260 ## - PUBLICATION, DISTRIBUTION, ETC.
Place of publication, distribution, etc. Vārāṇasī,
Name of publisher, distributor, etc. Nandakiśora
Date of publication, distribution, etc. [1965]
300 ## - PHYSICAL DESCRIPTION
Extent 2, 4, 226, 2 p.
Dimensions 19 cm.
500 ## - GENERAL NOTE
General note In Hindi.
504 ## - BIBLIOGRAPHY, ETC. NOTE
Bibliography, etc. note Bibliography: p. [1]-2 (last group)
600 00 - SUBJECT ADDED ENTRY--PERSONAL NAME
Personal name Tulasīdāsa,
Dates associated with a name 1532-1623.

No items available.

Powered by Koha